Benny Bilby and Nick Numbat / (Record no. 9681)
[ view plain ]
| 000 -LEADER | |
|---|---|
| fixed length control field | 01099nam a22003017a 4500 |
| 001 - CONTROL NUMBER | |
| control field | 9681 |
| 003 - CONTROL NUMBER IDENTIFIER | |
| control field | FISKH |
| 005 - DATE AND TIME OF LATEST TRANSACTION | |
| control field | 20260424135127.0 |
| 008 - FIXED-LENGTH DATA ELEMENTS--GENERAL INFORMATION | |
| fixed length control field | 260129b cb ||||| |||| 00| 0 eng d |
| 020 ## - INTERNATIONAL STANDARD BOOK NUMBER | |
| International Standard Book Number | 9780462001210 |
| 040 ## - CATALOGING SOURCE | |
| Original cataloging agency | FISKH |
| Language of cataloging | eng |
| Transcribing agency | FISKH |
| Modifying agency | FISKH |
| 050 ## - LIBRARY OF CONGRESS CALL NUMBER | |
| Classification number | PZ7 |
| 082 ## - DEWEY DECIMAL CLASSIFICATION NUMBER | |
| Classification number | 591.7 |
| 100 ## - MAIN ENTRY--PERSONAL NAME | |
| Personal name | Dalglish, Cindy |
| Relator term | Author |
| 245 ## - TITLE STATEMENT | |
| Title | Benny Bilby and Nick Numbat / |
| Statement of responsibility, etc. | Written by Cindy Dalglish ; illustrated by Robert Roennfeldt |
| 260 ## - PUBLICATION, DISTRIBUTION, ETC. | |
| Place of publication, distribution, etc. | Singapore : |
| Name of publisher, distributor, etc. | Marshall Cavendish International , |
| Date of publication, distribution, etc. | 2008 |
| 300 ## - PHYSICAL DESCRIPTION | |
| Extent | 16 pages : |
| Other physical details | photographs ; |
| Dimensions | 19 cm |
| 490 ## - SERIES STATEMENT | |
| Series statement | My pals are here : |
| Volume/sequential designation | 14d |
| 505 ## - FORMATTED CONTENTS NOTE | |
| Formatted contents note | C<br/> |
| 520 ## - SUMMARY, ETC. | |
| Summary, etc. | Benny Bilby and Nick Numbat were very good friends. They shared a burrow that had two bedrooms. But there was a problem. Benny slept in the day and was awake at night. Nick slept at night and was awake in the day. |
| 521 8# - TARGET AUDIENCE NOTE | |
| Target audience note | 100<br/> |
| Source | Lexile estimate<br/> |
| 521 8# - TARGET AUDIENCE NOTE | |
| Target audience note | C<br/> |
| Source | Raz-Plus<br/> |
| 650 ## - SUBJECT ADDED ENTRY--TOPICAL TERM | |
| Topical term or geographic name entry element | My pals are here |
| Form subdivision | Animals |
| 650 ## - SUBJECT ADDED ENTRY--TOPICAL TERM | |
| Topical term or geographic name entry element | Sleeping trouble |
| Form subdivision | Friendship |
| 700 ## - ADDED ENTRY--PERSONAL NAME | |
| Personal name | Roennfeldt, Robert |
| Relator term | Illustrator |
| 942 ## - ADDED ENTRY ELEMENTS (KOHA) | |
| Source of classification or shelving scheme | Dewey Decimal Classification |
| Koha item type | Books |
| Suppress in OPAC | No |
| Withdrawn status | Lost status | Source of classification or shelving scheme | Damaged status | Not for loan | Collection | Home library | Current library | Shelving location | Date acquired | Total Checkouts | Full call number | Barcode | Date last seen | Copy number | Price effective from | Koha item type |
|---|---|---|---|---|---|---|---|---|---|---|---|---|---|---|---|---|
| Dewey Decimal Classification | Juvenile Fiction | Footprints International School Library Network Toul Tom Poung Campus | Footprints International School Library Network Toul Tom Poung Campus | TTP Primary Green Bookshelves | 01/29/2026 | DAL 591.7 PZ7 | 2026-0196 | 01/29/2026 | 1 | 01/29/2026 | Books | |||||
| Dewey Decimal Classification | Juvenile Fiction | Footprints International School Library Network Toul Tom Poung Campus | Footprints International School Library Network Toul Tom Poung Campus | TTP Primary Green Bookshelves | 04/24/2026 | DAL 591.7 PZ7 | FISBK06496 | 04/24/2026 | 2 | 04/24/2026 | Books |
